000 00454nam a22001697a 4500
005 20160611114751.0
008 160611b xxu||||| |||| 00| 0 eng d
020 _a9798122401898
041 _aeng
082 _b6868
100 _aSrivastava, UK & others
_91697
245 _aQuantitative Techniques for managerial decisions
260 _aNew Delhi
_bNew Age International Pvt. Ltd.
_c1983
300 _a934
650 _aManagement
_9241
942 _cBK
999 _c2393
_d2392